Doctrinas esenciales. Derecho constitucional

Tallennettuna:
Bibliografiset tiedot
Päätekijä: Tavolari Oliveros, Raúl (Tekijä)
Aineistotyyppi: Kirja
Kieli:espanja
Julkaistu: Santiago PUNTOLEX 2010
Santiago Jurídica de Chile 2010
Painos:1a. ed
Sarja:Revista de Derecho y Jurisprudencia. Edición Bicentenario
Aiheet:
Tagit: Lisää tagi
Ei tageja, Lisää ensimmäinen tagi!

MARC

LEADER 00000nam a2200000 a 4500
001 UCG3352
003 CL-VaPUC
008 100826e20100000cl |||||||||||||||||spa|d
020 |a 9789563370218 
082 0 4 |a 346.83  |b TAV  |2 21 
100 0 |a Tavolari Oliveros, Raúl  |e author  |9 520639 
245 1 0 |a Doctrinas esenciales. Derecho constitucional 
246 1 0 |a Derecho constitucional 
250 |a 1a. ed 
300 |a 1022 p 
942 |c BK 
945 |d 20100826 00:00:00  |a cmena 
260 |a Santiago  |b PUNTOLEX  |c 2010 
260 |a Santiago  |b Jurídica de Chile  |c 2010 
650 0 |a Derecho civil  |9 255013 
650 0 |a Derecho constitucional   |9 222588 
650 0 |a Jurisprudencia  |9 255952 
650 0 |a Fuentes del derecho   |9 255162 
650 0 |a Derecho de propiedad  |9 256450 
583 |a last modification  |c 20171211 12:31:14  |k Rodrigo Vera 
490 0 |a Revista de Derecho y Jurisprudencia. Edición Bicentenario 
999 |c 342423  |d 342421 
952 |0 0  |1 0  |4 0  |6 346_830000000000000_TAV_2010_2010  |7 0  |8 A  |9 438603  |a BIBDER  |b BIBDER  |d 2019-11-22  |i 4704150  |o 346.83 TAV 2010 2010  |p 4704150  |r 2023-01-25  |w 2019-11-22  |y BK  |k DER